Heráldica (Record no. 184533)
[ view plain ]
| 000 -LEADER | |
|---|---|
| campo de control de longitud fija | 00771nas a2200241 i 4500 |
| 001 - NÚMERO DE CONTROL | |
| campo de control | 184533 |
| 003 - IDENTIFICADOR DE NÚMERO DE CONTROL | |
| campo de control | ES-MaACL |
| 005 - FECHA Y HORA DE LA ÚLTIMA TRANSACCIÓN | |
| campo de control | 20250217134916.0 |
| 008 - DATOS DE LONGITUD FIJA--INFORMACIÓN GENERAL | |
| campo de control de longitud fija | 151019d19451980sp a| | ||pa d |
| 022 ## - NÚMERO INTERNACIONAL NORMALIZADO PARA PUBLICACIONES SERIADAS | |
| Número Internacional Normalizado para Publicaciones Seriadas | 0437-2832 |
| 080 ## - NÚMERO DE LA CLASIFICACIÓN DECIMAL UNIVERSAL | |
| Número de la Clasificación Decimal Universal | 929.7(460)(058.7) |
| 245 00 - MENCIÓN DEL TÍTULO | |
| Título | Heráldica |
| Resto del título | : guía de sociedad. |
| 260 ## - PUBLICACIÓN, DISTRIBUCIÓN, ETC. | |
| Lugar de publicación, distribución, etc. | Madrid : |
| Nombre del editor, distribuidor, etc. | A.M. Moré, |
| Fecha de publicación, distribución, etc. | 1945-1980. |
| 300 ## - DESCRIPCIÓN FÍSICA | |
| Extensión | 12 v. ; |
| Dimensiones | 20 cm. |
| 310 ## - PERIODICIDAD ACTUAL | |
| Periodicidad actual | Anual |
| 362 0# - FECHAS DE PUBLICACIÓN Y/O DESIGNACIÓN SECUENCIAL | |
| Fecha de publicación y/o designación secuencial | 1945-1980. |
| 650 #4 - PUNTO DE ACCESO ADICIONAL DE MATERIA--TÉRMINO DE MATERIA | |
| Término de materia o nombre geográfico como elemento de entrada | Nobleza- |
| Subdivisión geográfica | España- |
| Subdivisión de forma | Directorios. |
| 9 (RLIN) | 157920 |
| 651 #4 - PUNTO DE ACCESO ADICIONAL DE MATERIA--NOMBRE GEOGRÁFICO | |
| Nombre geográfico | España- |
| Subdivisión de forma | Directorios |
| 9 (RLIN) | 8188 |
| 785 00 - ENTRADA/ENLACE A UN TÍTULO POSTERIOR | |
| Título | Quién es quién en España |
| 852 4# - LOCALIZACIÓN | |
| Ubicación | ES-MaACL |
| Número de control de estantería | HEM-A-20 |
| Encuadernación | Olim: A-6809 |
| -- | Olim :A-8747 |
| -- | Olim :C-5630 |
| 866 #0 - MENCIÓN TEXTUAL DE FONDOS--UNIDAD BIBLIOGRÁFICA BÁSICA | |
| Fondos | 1947,1951,1953,1963,1965,1969-70,1974-80 |
| Estatus retirado | Estado de pérdida | Estado de daño | No para préstamo | Colección | Biblioteca de origen | Biblioteca actual | Ubicación en estantería | Fecha de adquisición | Fuente de adquisición | Total de préstamos | Signatura topográfica completa | Código de barras | Visto por última vez | Precio de reemplazo | Tipo de ítem Koha |
|---|---|---|---|---|---|---|---|---|---|---|---|---|---|---|---|
| Periódicos y Revistas | Biblioteca del Ateneo de Madrid | Biblioteca del Ateneo de Madrid | Depósito 1 | 19/10/2015 | HEM-A-20 | 1194265 | 23/02/2023 | 23/02/2023 | Revista |
